Famous Characters of TV #Somes Quiz Stats

 Plays Quiz not verified by Sporcle

Score 0/72 Timer 07:00
0 Plays Today
Hint Answer % Correct
The SimpsonsHomer
93.3%
FriendsPhoebe Buffay
93.3%
The SimpsonsMarge
93.2%
The SimpsonsBart
92.2%
'Charmed' SistersPhoebe
92%
FriendsChandler Bing
90.8%
SeinfeldJerry Seinfeld
90.6%
FriendsRachel Green
90.6%
FriendsMonica Geller
90.6%
FriendsJoey Tribbiani
89.4%
The SimpsonsLisa
88.1%
How I Met Your MotherRobin Scherbatsky
86.9%
Brady Bunch ChildrenGreg
86.7%
SeinfeldCosmo Kramer
84.5%
South ParkKenny McCormick
84%
Two And A Half MenCharlie
83.8%
Brady Bunch ChildrenPeter
83.4%
SeinfeldGeorge Costanza
82.4%
FriendsRoss Geller
81.4%
'The Griffin Family'Meg
81.4%
SeinfeldElaine Benes
81.2%
'The Griffin Family'Chris
80.4%
South ParkStan Marsh
80%
'The Kyle Family'Michael
80%
House Original CastAllison Cameron
79.5%
'The Griffin Family'Peter
79.5%
'Star Trek' Captains James Tiberius Kirk
78.7%
South ParkEric Cartman
77.3%
'The Griffin Family'Brian
77.1%
'The Griffin Family'Lois
74.6%
'The Griffin Family'Stewie
74.6%
Brady Bunch ChildrenJan
71.8%
Sex And The CityCarrie Bradshaw
71.6%
Brady Bunch ChildrenMarcia
71.4%
Brady Bunch ChildrenBobby
70.8%
Sex And The CitySamantha Jones
65.9%
Hint Answer % Correct
How I Met Your MotherLily Aldrin
65%
South ParkKyle Broflovski
63.8%
'Three's Company' RoommatesJack Tripper
63.4%
The Big Bang TheorySheldon Cooper
60.1%
'Three's Company' RoommatesChrissy Snow
59.3%
Sex And The CityMiranda Hobbes
54.6%
Sex And The CityCharlotte York
53.6%
How I Met Your MotherBarney Stinson
53.6%
'Three's Company' RoommatesJanet Wood
53.4%
Two And A Half MenAlan
51.7%
'Star Trek' Captains Jean-Luc Picard
50.7%
The Big Bang TheoryLeonard Hofstadter
50.1%
How I Met Your MotherTed Mosby
50.1%
How I Met Your MotherMarshall Eriksen
49.1%
The Big Bang TheoryRajesh Koothrappali
45%
House Original CastJames Wilson
45%
Two And A Half MenJake
45%
House Original CastGregory House
44%
'The Kyle Family'Michael Jr.
42.5%
The Big Bang TheoryHoward Wolowitz
38%
House Original CastLisa Cuddy
37.8%
'Charmed' SistersPiper
34.6%
'Charmed' SistersPrue/Paige
33.1%
House Original CastEric Foreman
32.3%
House Original CastRobert Chase
30.3%
'Star Trek' Captains Katherine Janeway
23.7%
The SimpsonsMaggie
20.2%
'The Kyle Family'Janet
20.2%
Original Charlie's AngelsSabrina Duncan
19.8%
'The Kyle Family'Claire
19%
Original Charlie's AngelsJill Munroe
18%
Original Charlie's AngelsKelly Garrett
17%
Brady Bunch ChildrenCindy
13.9%
'Star Trek' Captains Benjamin Sisko
11.4%
'Star Trek' Captains Jonathan Archer
11.4%
'The Kyle Family'Kady
9%

You're not logged in!

Compare scores with friends on all Sporcle quizzes.
OR
Log In

Show Comments

Extras

Created Oct 30, 2010ReportNominate
Tags:Famous Quiz

Top Quizzes Today


Score Distribution

Your Account Isn't Verified!

In order to create a playlist on Sporcle, you need to verify the email address you used during registration. Go to your Sporcle Settings to finish the process.

Report this User

Report this user for behavior that violates our Community Guidelines.

Details: